Elektronický portál celoživotného dištančného vzdelávania

Salvato in:
Dettagli Bibliografici
Autore principale: Klušák, Dominik (Autore)
Altri autori: Bisták, Marek (Relatore della tesi)
Natura: Manoscritto Libro
Lingua:slovacco
Pubblicazione: 2023
Soggetti:
Accesso online:http://is.stuba.sk/zp/portal_zp.pl?podrobnosti=155014
Tags: Aggiungi Tag
Nessun Tag, puoi essere il primo ad aggiungerne!!

MARC

LEADER 00000ntm a22000003a 4500
001 stuzp92443
003 SK-STU
005 20230909213159.7
007 ta
008 150427s2015----xo-----f-mn---000-0-slo-d
040 |a STU  |b slo 
041 0 |a slo 
100 1 |a Klušák, Dominik  |u 070400  |4 aut  |U FIIT Fakulta informatiky a informačných technológií  |T FIIT Ústav počítačového inžinierstva a aplikovanej informatiky  |X 102990  |U I400  |Y 672  |7 102990 
242 0 1 |a Electronic portal solution for lifelong distant education  |y eng 
245 1 0 |a Elektronický portál celoživotného dištančného vzdelávania 
260 |c 2023 
650 4 |a Dištatnčné vzdelávanie  |2 slo 
650 4 |a Celoživotné vzdelávanie  |2 slo 
650 4 |a Webová aplikácia  |2 slo 
650 4 |a Frontend  |2 slo 
650 4 |a Backend  |2 slo 
650 4 |a Distant eucation  |2 eng 
650 4 |a Web application  |2 eng 
650 4 |a Frontend  |2 eng 
650 4 |a Lifelong education  |2 eng 
650 4 |a Backend  |2 eng 
700 1 |a Bisták, Marek  |4 ths  |X 123738  |7 123738 
856 4 |u http://is.stuba.sk/zp/portal_zp.pl?podrobnosti=155014